[Event "OP-2020-0-05030"]
[Site "LSS email"]
[Date "2020.10.03"]
[Round "?"]
[White "Gazen, Louis"]
[Black "Gamb, Roper"]
[Result "1-0"]
[WhiteElo "1871"]
[BlackElo "1852"]
[PlyCount "33"]
[EventDate "2020.09.30"]
[EventType "tourn (corr)"]
[EventRounds "4"]
[EventCountry "GER"]
[SourceTitle "Corr 2022"]
[Source "ChessBase"]
[SourceDate "2021.10.24"]
[SourceVersion "1"]
[SourceVersionDate "2021.10.24"]
[SourceQuality "1"]

1. e4 e6 2. d4 d5 3. Nc3 Nc6 4. Nf3 Nf6 5. Bd3 Nb4 6. e5 Nd7 7. Bg5 Be7 8. Bxe7 Qxe7 9. a3 Nxd3+ 10. Qxd3 c6 11. h4 a5 12. Qe3 b6 13. Rh3 0-0 14. Kf1 Ba6+ 15. Kg1 f5 16. exf6 Rxf6 17. h5 1-0

[Event "OP-2020-0-05030"]
[Site "LSS email"]
[Date "2020.10.03"]
[Round "?"]
[White "Puertas, Francisco Javier"]
[Black "Gazen, Louis"]
[Result "1/2-1/2"]
[WhiteElo "1685"]
[BlackElo "1871"]
[PlyCount "54"]
[EventDate "2020.09.30"]
[EventType "tourn (corr)"]
[EventRounds "4"]
[EventCountry "GER"]
[SourceTitle "Corr 2022"]
[Source "ChessBase"]
[SourceDate "2021.10.24"]
[SourceVersion "1"]
[SourceVersionDate "2021.10.24"]
[SourceQuality "1"]

1. c4 Nf6 2. Nc3 e5 3. Nf3 Nc6 4. a3 d5 5. cxd5 Nxd5 6. Qc2 Be6 7. e3 Be7 8. Bb5 0-0 9. 0-0 Na5 10. b4 Nxc3 11. dxc3 Nb3 12. Rb1 Nxc1 13. Rfxc1 Bf6 14. Rd1 Qe7 15. Qe4 Bc8 16. h3 g6 17. Qc2 a5 18. Bc4 axb4 19. axb4 Kg7 20. Ra1 Bd7 21. Nd2 Bf5 22. e4 Bd7 23. Qb2 b5 24. Bb3 Rxa1 25. Rxa1 Rd8 26. Nf3 Be6 27. Bxe6 Qxe6 1/2-1/2

[Event "SB-2020-0-00597"]
[Site "LSS email"]
[Date "2020.07.03"]
[Round "?"]
[White "Gazen, Louis"]
[Black "Knoeppel, Bjoern"]
[Result "1/2-1/2"]
[WhiteElo "1892"]
[BlackElo "1810"]
[PlyCount "57"]
[EventDate "2020.04.07"]
[EventType "tourn (corr)"]
[EventRounds "6"]
[EventCountry "GER"]
[SourceTitle "Corr 2022"]
[Source "ChessBase"]
[SourceDate "2021.10.24"]
[SourceVersion "1"]
[SourceVersionDate "2021.10.24"]
[SourceQuality "1"]

1. e4 c5 2. Nf3 Nc6 3. d4 cxd4 4. Nxd4 Nf6 5. Nc3 e5 6. Ndb5 d6 7. Bg5 a6 8. Bxf6 gxf6 9. Na3 b5 10. Nd5 Bg7 11. c3 f5 12. Bd3 Ne7 13. Nxe7 Qxe7 14. 0-0 0-0 15. Nc2 Rb8 16. Re1 fxe4 17. Bxe4 f5 18. Bd5+ Kh8 19. Nb4 Qc7 20. Qd3 Qc5 21. Rad1 Rb6 22. Qe3 Qxe3 23. Rxe3 Bd7 24. Bb3 a5 25. Nd5 Rb7 26. Rh3 f4 27. Rh4 Bf5 28. a3 b4 29. axb4 1/2-1/2

[Event "SB-2020-0-00597"]
[Site "LSS email"]
[Date "2020.07.03"]
[Round "?"]
[White "Gazen, Louis"]
[Black "Laffont, Jose Eduardo Alfred"]
[Result "1/2-1/2"]
[WhiteElo "1892"]
[BlackElo "1836"]
[PlyCount "89"]
[EventDate "2020.04.07"]
[EventType "tourn (corr)"]
[EventRounds "6"]
[EventCountry "GER"]
[SourceTitle "Corr 2022"]
[Source "ChessBase"]
[SourceDate "2021.10.24"]
[SourceVersion "1"]
[SourceVersionDate "2021.10.24"]
[SourceQuality "1"]

1. e4 c5 2. Nf3 d6 3. d4 cxd4 4. Nxd4 Nf6 5. Nc3 a6 6. Bd3 e6 7. 0-0 Be7 8. f4 0-0 9. Kh1 Qc7 10. Qe1 Nbd7 11. Nf3 Nc5 12. Bd2 b5 13. b4 Nxd3 14. cxd3 Bb7 15. Qb1 Rfc8 16. Qb3 h6 17. h3 Qd8 18. Ne2 Nd7 19. Be3 Rc7 20. a4 bxa4 21. Rxa4 Rac8 22. Qb1 Qe8 23. Ra5 Nb8 24. Nfd4 Bf8 25. b5 Rc5 26. Ra2 axb5 27. Rb2 b4 28. f5 e5 29. Nc2 R5c7 30. f6 g6 31. Nxb4 Nd7 32. Qe1 d5 33. Nxd5 Bxd5 34. exd5 e4 35. dxe4 Qxe4 36. Qd2 Rc2 37. Rxc2 Rxc2 38. Qd4 Rc4 39. Qxe4 Rxe4 40. Rf3 Nxf6 41. Ng3 Re5 42. Bxh6 Bxh6 43. Rxf6 Rxd5 44. Rf3 Bg7 45. Kh2 1/2-1/2

[Event "SB-2020-0-00597"]
[Site "LSS email"]
[Date "2020.07.03"]
[Round "?"]
[White "Plutarco, Fosca"]
[Black "Gazen, Louis"]
[Result "1-0"]
[WhiteElo "1862"]
[BlackElo "1892"]
[PlyCount "51"]
[EventDate "2020.04.07"]
[EventType "tourn (corr)"]
[EventRounds "6"]
[EventCountry "GER"]
[SourceTitle "Corr 2022"]
[Source "ChessBase"]
[SourceDate "2021.10.24"]
[SourceVersion "1"]
[SourceVersionDate "2021.10.24"]
[SourceQuality "1"]

1. d4 Nf6 2. Nf3 d5 3. a3 c5 4. dxc5 e6 5. Be3 Nc6 6. c4 Ng4 7. Bc1 Bxc5 8. e3 0-0 9. b4 Bb6 10. Bb2 d4 11. h3 Nxf2 12. Kxf2 dxe3+ 13. Ke2 Qe7 14. c5 Bc7 15. Kxe3 b6 16. Qa4 Ne5 17. Nbd2 Bb7 18. Bxe5 Bxe5 19. Rc1 Bd5 20. Bd3 Bg3 21. Ke2 f5 22. Bc4 bxc5 23. bxc5 Rac8 24. Bxd5 exd5+ 25. Kd1 Rxc5 26. Rxc5 1-0

[Event "SB-2020-0-00595"]
[Site "LSS email"]
[Date "2020.05.26"]
[Round "?"]
[White "Gazen, Louis"]
[Black "Sternik, Ryszard"]
[Result "1/2-1/2"]
[WhiteElo "1888"]
[BlackElo "1972"]
[PlyCount "103"]
[EventDate "2020.02.19"]
[EventType "tourn (corr)"]
[EventRounds "6"]
[EventCountry "GER"]
[SourceTitle "Corr 2024"]
[Source "ChessBase"]
[SourceDate "2023.10.19"]
[SourceVersion "1"]
[SourceVersionDate "2023.10.19"]
[SourceQuality "1"]

1. e4 c5 2. Nf3 d6 3. d4 cxd4 4. Nxd4 Nf6 5. c3 Nxe4 6. Bb5+ Bd7 7. 0-0 Nc6 8. Re1 Nf6 9. Bg5 e6 10. Bxc6 bxc6 11. Nf5 Qc7 12. Nd2 e5 13. Qf3 Nd5 14. c4 Nb4 15. Rac1 Bxf5 16. Qxf5 Qd7 17. Qb1 f6 18. Be3 Be7 19. a3 Na6 20. f4 0-0 21. Nf3 c5 22. b4 Rac8 23. Red1 Qe6 24. Qe4 cxb4 25. axb4 Nxb4 26. Nd4 Rxc4 27. Nxe6 Rxe4 28. Nxf8 Bxf8 29. Kf2 exf4 30. Bxa7 g5 31. Rc7 Re7 32. Bb6 Re5 33. Bd4 Rb5 34. Ke2 Nd5 35. Ra7 f5 36. Kd2 g4 37. Ke2 Ne7 38. Rc1 h5 39. Rcc7 Kf7 40. Rc8 h4 41. Rd8 Rd5 42. Bc3 h3 43. gxh3 f3+ 44. Ke1 Rd3 45. Bb4 Re3+ 46. Kf1 Rb3 47. Bxd6 Rb1+ 48. Kf2 Rb2+ 49. Kg1 Rb1+ 50. Kf2 Rb2+ 51. Kf1 Rb1+ 52. Kf2 1/2-1/2

[Event "SB-2020-0-00594"]
[Site "LSS email"]
[Date "2020.04.20"]
[Round "?"]
[White "Gazen, Louis"]
[Black "Knoeppel, Bjoern"]
[Result "1-0"]
[WhiteElo "1887"]
[BlackElo "1821"]
[PlyCount "69"]
[EventDate "2020.01.28"]
[EventType "tourn (corr)"]
[EventRounds "6"]
[EventCountry "GER"]
[SourceTitle "Corr 2022"]
[Source "ChessBase"]
[SourceDate "2021.10.24"]
[SourceVersion "1"]
[SourceVersionDate "2021.10.24"]
[SourceQuality "1"]

1. e4 Nf6 2. e5 Nd5 3. Nf3 d6 4. exd6 cxd6 5. d4 g6 6. c4 Nb6 7. h3 Bg7 8. Be2 0-0 9. Nc3 Nc6 10. 0-0 Bf5 11. Be3 d5 12. b3 dxc4 13. bxc4 Na5 14. c5 Nd5 15. Nxd5 Qxd5 16. Qa4 Nc6 17. Bc4 Qd7 18. d5 Nd4 19. Qxd7 Nxf3+ 20. gxf3 Bxd7 21. Rab1 Bxh3 22. Rxb7 Bxf1 23. Kxf1 Bf6 24. c6 Rfc8 25. Ba6 Kf8 26. Rxa7 Be5 27. Bxc8 Rxc8 28. Bc5 Bf6 29. Rb7 Ke8 30. Bb4 h5 31. a4 Ra8 32. a5 Kd8 33. Bc5 Bg5 34. d6 exd6 35. Bb6+ 1-0

[Event "RB-2020-0-00388"]
[Site "LSS email"]
[Date "2020.02.27"]
[Round "?"]
[White "Farnik, Kym"]
[Black "Gazen, Louis"]
[Result "1-0"]
[WhiteElo "1857"]
[BlackElo "1960"]
[PlyCount "79"]
[EventDate "2020.01.06"]
[EventType "tourn (corr)"]
[EventRounds "6"]
[EventCountry "GER"]
[SourceTitle "Corr 2022"]
[Source "ChessBase"]
[SourceDate "2021.10.24"]
[SourceVersion "1"]
[SourceVersionDate "2021.10.24"]
[SourceQuality "1"]

1. d4 Nf6 2. c4 e6 3. Nf3 d5 4. g3 dxc4 5. Bg2 a6 6. 0-0 Nc6 7. e3 Bd7 8. Qe2 Bd6 9. Qxc4 0-0 10. b3 e5 11. Bb2 Be6 12. Qc2 exd4 13. Nxd4 Nxd4 14. Bxd4 Qe7 15. Nd2 c6 16. Nc4 Bc5 17. Bxf6 gxf6 18. Be4 h6 19. Bf5 Rfd8 20. Rad1 Rd5 21. Rxd5 cxd5 22. Nd2 Rc8 23. Bxe6 Qxe6 24. Rc1 Rc6 25. Qd3 Bb4 26. Rxc6 bxc6 27. Nf3 c5 28. Nh4 c4 29. Qc2 h5 30. Nf3 Qe4 31. Nd4 Qxc2 32. Nxc2 a5 33. Kf1 Kg7 34. Ke2 Kf8 35. bxc4 dxc4 36. Kf3 Ke7 37. Ke4 Bd2 38. Kd4 c3 39. f3 f5 40. Ke5 1-0

[Event "RB-2020-0-00388"]
[Site "LSS email"]
[Date "2020.02.27"]
[Round "?"]
[White "Langheld, Werner"]
[Black "Gazen, Louis"]
[Result "1/2-1/2"]
[WhiteElo "1849"]
[BlackElo "1960"]
[PlyCount "50"]
[EventDate "2020.01.06"]
[EventType "tourn (corr)"]
[EventRounds "6"]
[EventCountry "GER"]
[SourceTitle "Corr 2022"]
[Source "ChessBase"]
[SourceDate "2021.10.24"]
[SourceVersion "1"]
[SourceVersionDate "2021.10.24"]
[SourceQuality "1"]

1. Nf3 d5 2. d4 Nf6 3. c4 c6 4. cxd5 cxd5 5. Nc3 Nc6 6. Bf4 a6 7. Qb3 b5 8. Rc1 e6 9. e3 Bb7 10. Ne5 Na5 11. Bxb5+ axb5 12. Qxb5+ Nd7 13. b4 Ba6 14. Qxa5 Qxa5 15. bxa5 Nxe5 16. Bxe5 Bb4 17. Kd2 Kd7 18. Kd1 Rac8 19. Na4 Rxc1+ 20. Kxc1 f6 21. Bg3 Bb5 22. Nc5+ Bxc5 23. dxc5 Ra8 24. Bd6 Rxa5 25. Kb2 Ra4 1/2-1/2

[Event "RB-2020-0-00387"]
[Site "LSS email"]
[Date "2020.02.15"]
[Round "?"]
[White "Langheld, Werner"]
[Black "Gazen, Louis"]
[Result "1/2-1/2"]
[WhiteElo "1869"]
[BlackElo "1951"]
[PlyCount "63"]
[EventDate "2019.12.24"]
[EventType "tourn (corr)"]
[EventRounds "6"]
[EventCountry "GER"]
[SourceTitle "Corr 2022"]
[Source "ChessBase"]
[SourceDate "2021.10.24"]
[SourceVersion "1"]
[SourceVersionDate "2021.10.24"]
[SourceQuality "1"]

1. e4 e5 2. Nf3 Nc6 3. Bc4 Nf6 4. Ng5 d5 5. exd5 Na5 6. Bb5+ c6 7. dxc6 bxc6 8. Qf3 Be7 9. Bxc6+ Nxc6 10. Qxc6+ Bd7 11. Qf3 0-0 12. Nc3 Ng4 13. h3 Nxf2 14. Qxf2 Bxg5 15. h4 Be7 16. d3 Bc6 17. Qg3 Qd6 18. Bd2 Rfb8 19. Nd1 f5 20. h5 Rf8 21. Qh3 f4 22. a3 f3 23. 0-0 e4 24. gxf3 exd3 25. cxd3 Rae8 26. Rf2 Bb7 27. Rc1 Bd8 28. Bb4 Qh6 29. Rcc2 Qg5+ 30. Kf1 Rf4 31. Rce2 Qb5 32. Rxe8+ 1/2-1/2

[Event "RB-2020-0-00387"]
[Site "LSS email"]
[Date "2020.02.12"]
[Round "?"]
[White "Gazen, Louis"]
[Black "Wittal, Werner"]
[Result "1/2-1/2"]
[WhiteElo "1951"]
[BlackElo "1882"]
[PlyCount "69"]
[EventDate "2019.12.24"]
[EventType "tourn (corr)"]
[EventRounds "6"]
[EventCountry "GER"]
[SourceTitle "Corr 2022"]
[Source "ChessBase"]
[SourceDate "2021.10.24"]
[SourceVersion "1"]
[SourceVersionDate "2021.10.24"]
[SourceQuality "1"]

1. e4 d6 2. d4 Nf6 3. Nc3 g6 4. Nf3 Bg7 5. Be3 0-0 6. Be2 a6 7. a4 b6 8. 0-0 Bb7 9. Nd2 e6 10. Bf3 Nbd7 11. Qe2 c5 12. Nc4 cxd4 13. Bxd4 Qc7 14. Rad1 Bc6 15. h4 Rfc8 16. Rd2 Bh6 17. Be3 Bf8 18. Rfd1 Ne8 19. Bf4 e5 20. Bh2 Nc5 21. h5 Nxa4 22. Nxa4 Bxa4 23. Ne3 Bc6 24. Ng4 a5 25. Qe3 Bg7 26. c4 Qb7 27. Bg3 f5 28. exf5 Bxf3 29. gxf3 gxf5 30. Nh6+ Bxh6 31. Qxh6 Qg7 32. Qe6+ Qf7 33. Qh6 Rxc4 34. Kh2 Qe7 35. Kh3 1/2-1/2

[Event "RB-2020-0-00387"]
[Site "LSS email"]
[Date "2020.02.11"]
[Round "?"]
[White "Joensson, Paul"]
[Black "Gazen, Louis"]
[Result "1-0"]
[WhiteElo "1992"]
[BlackElo "1951"]
[PlyCount "35"]
[EventDate "2019.12.24"]
[EventType "tourn (corr)"]
[EventRounds "6"]
[EventCountry "GER"]
[SourceTitle "Corr 2022"]
[Source "ChessBase"]
[SourceDate "2021.10.24"]
[SourceVersion "1"]
[SourceVersionDate "2021.10.24"]
[SourceQuality "1"]

1. e4 e5 2. Nf3 Nc6 3. Bc4 Bc5 4. 0-0 Nf6 5. d3 0-0 6. c3 d6 7. h3 a6 8. Re1 Ba7 9. a4 b5 10. Ba2 Ne7 11. Bb3 Bb7 12. Bg5 Ng6 13. Nh4 Kh8 14. Nxg6+ fxg6 15. Qe2 h6 16. Be3 bxa4 17. Bxa4 Bxe4 18. dxe4 1-0

[Event "RB-2020-0-00387"]
[Site "LSS email"]
[Date "2020.02.11"]
[Round "?"]
[White "Knittel, Martin"]
[Black "Gazen, Louis"]
[Result "1/2-1/2"]
[WhiteElo "2048"]
[BlackElo "1951"]
[PlyCount "40"]
[EventDate "2019.12.24"]
[EventType "tourn (corr)"]
[EventRounds "6"]
[EventCountry "GER"]
[SourceTitle "Corr 2022"]
[Source "ChessBase"]
[SourceDate "2021.10.24"]
[SourceVersion "1"]
[SourceVersionDate "2021.10.24"]
[SourceQuality "1"]

1. e4 e5 2. Nf3 Nc6 3. Bb5 Nf6 4. 0-0 Nxe4 5. Re1 Nd6 6. Nxe5 Be7 7. Bf1 Nf5 8. Nf3 0-0 9. Nc3 d5 10. d4 Re8 11. h3 Be6 12. Ne2 f6 13. Nf4 Bf7 14. c3 Bd6 15. Bd3 Qd7 16. Qc2 Rxe1+ 17. Nxe1 Nh4 18. Qd1 Ne7 19. Qg4 Qxg4 20. hxg4 Nhg6 1/2-1/2

[Event "OP-2019-0-04880"]
[Site "LSS email"]
[Date "2019.11.26"]
[Round "?"]
[White "Gazen, Louis"]
[Black "Kuttner, Jaromir"]
[Result "1-0"]
[WhiteElo "1948"]
[BlackElo "848"]
[PlyCount "33"]
[EventDate "2019.11.20"]
[EventType "tourn (corr)"]
[EventRounds "4"]
[EventCountry "GER"]
[SourceTitle "Corr 2022"]
[Source "ChessBase"]
[SourceDate "2021.10.24"]
[SourceVersion "1"]
[SourceVersionDate "2021.10.24"]
[SourceQuality "1"]

1. e4 c5 2. Nf3 Nc6 3. Bb5 g6 4. d3 Bg7 5. c3 e6 6. Be3 Nge7 7. Bxc5 0-0 8. Bd6 a6 9. Bxc6 dxc6 10. e5 Re8 11. Nbd2 Nf5 12. Ne4 Nxd6 13. Nxd6 Re7 14. h4 Qb6 15. Qd2 Bd7 16. h5 Rf8 17. Ne4 1-0

[Event "OP-2019-0-04848"]
[Site "LSS email"]
[Date "2019.09.24"]
[Round "?"]
[White "Gazen, Louis"]
[Black "Schleef, Harald"]
[Result "0-1"]
[WhiteElo "1971"]
[BlackElo "1800"]
[PlyCount "110"]
[EventDate "2019.09.15"]
[EventType "tourn (corr)"]
[EventRounds "4"]
[EventCountry "GER"]
[SourceTitle "Corr 2022"]
[Source "ChessBase"]
[SourceDate "2021.10.24"]
[SourceVersion "1"]
[SourceVersionDate "2021.10.24"]
[SourceQuality "1"]

1. e4 e5 2. Nf3 Nc6 3. Bb5 a6 4. Ba4 Nf6 5. 0-0 Nxe4 6. Re1 Nc5 7. Bxc6 dxc6 8. Nxe5 Be7 9. d4 Ne6 10. Be3 0-0 11. c4 f6 12. Nf3 f5 13. Bd2 Re8 14. Bc3 b5 15. Qb3 Bf8 16. c5 a5 17. Bd2 a4 18. Qe3 g5 19. Nxg5 f4 20. Qe5 Bh6 21. Nxe6 Rxe6 22. Qh5 Rg6 23. h3 Be6 24. Nc3 Qd7 25. Kh1 Qxd4 26. Ne4 b4 27. Rad1 Qxb2 28. Rb1 Qxa2 29. Rxb4 Bg7 30. Bxf4 Qd5 31. Ng5 Rxg5 32. Bxg5 h6 33. Ree4 Bf7 34. Qg4 hxg5 35. Rxa4 Rxa4 36. Rxa4 Qxc5 37. Re4 Bf8 38. Re3 Bd6 39. g3 Qd5+ 40. Kh2 Kh7 41. Re4 Bg6 42. Ra4 Kg7 43. Qe2 c5 44. h4 Bd3 45. Qb2+ Kf7 46. hxg5 Qxg5 47. Qh8 Qf5 48. Kg1 Be4 49. Qh4 Bd5 50. Ra1 Be5 51. Re1 Bf6 52. g4 Qf3 53. Qh5+ Kg7 54. Qh2 Qxg4+ 55. Qg3 Qxg3+ 0-1

[Event "RB-2019-0-00376"]
[Site "LSS email"]
[Date "2019.09.15"]
[Round "?"]
[White "Ederer, Karel"]
[Black "Gazen, Louis"]
[Result "1/2-1/2"]
[WhiteElo "1977"]
[BlackElo "1967"]
[PlyCount "42"]
[EventDate "2019.06.18"]
[EventType "tourn (corr)"]
[EventRounds "6"]
[EventCountry "GER"]
[SourceTitle "Corr 2022"]
[Source "ChessBase"]
[SourceDate "2021.10.24"]
[SourceVersion "1"]
[SourceVersionDate "2021.10.24"]
[SourceQuality "1"]

1. d4 Nf6 2. c4 e6 3. Nc3 Bb4 4. e3 0-0 5. Bd3 d5 6. Nf3 c5 7. 0-0 Nc6 8. a3 Bxc3 9. bxc3 b6 10. cxd5 exd5 11. Ne5 Bb7 12. Nxc6 Bxc6 13. f3 Qc7 14. dxc5 bxc5 15. c4 Rab8 16. Bd2 Rfd8 17. cxd5 Rxd5 18. Bc4 Rd7 19. Qc1 Bb5 20. Be1 Bxc4 21. Qxc4 Rc8 1/2-1/2

[Event "RB-2019-0-00376"]
[Site "LSS email"]
[Date "2019.09.15"]
[Round "?"]
[White "Gazen, Louis"]
[Black "Langheld, Werner"]
[Result "1/2-1/2"]
[WhiteElo "1967"]
[BlackElo "1870"]
[PlyCount "90"]
[EventDate "2019.06.18"]
[EventType "tourn (corr)"]
[EventRounds "6"]
[EventCountry "GER"]
[SourceTitle "Corr 2022"]
[Source "ChessBase"]
[SourceDate "2021.10.24"]
[SourceVersion "1"]
[SourceVersionDate "2021.10.24"]
[SourceQuality "1"]

1. e4 e6 2. d4 d5 3. Nc3 Nf6 4. Bg5 dxe4 5. Nxe4 Be7 6. Nxf6+ Bxf6 7. Bxf6 Qxf6 8. Nf3 0-0 9. Qd3 Bd7 10. Qe3 Rd8 11. Be2 Bc6 12. 0-0 Nd7 13. Rad1 h6 14. c4 b6 15. a3 a5 16. Rfe1 Bb7 17. Rd2 a4 18. Red1 Ra5 19. Ne1 Ba8 20. Nc2 Qg6 21. f3 Nf6 22. Qf2 Nh5 23. g3 Nf4 24. Bf1 Qg5 25. Re1 Bb7 26. Ne3 Ng6 27. f4 Qf6 28. Be2 Nf8 29. Bd3 Qe7 30. Bc2 Qd6 31. h4 Nd7 32. g4 Nf8 33. g5 Ng6 34. Rf1 Ne7 35. Ng4 h5 36. Ne5 Rf8 37. Re1 g6 38. Red1 Qd8 39. Qe3 Ra8 40. Qe2 Qd6 41. Re1 Ra6 42. Qf2 Raa8 43. Rdd1 Ra5 44. Kh2 Raa8 45. Rd2 Ra5 1/2-1/2

[Event "OP-2019-0-04836"]
[Site "LSS email"]
[Date "2019.08.29"]
[Round "?"]
[White "Gazen, Louis"]
[Black "Csaba, Fodor"]
[Result "1/2-1/2"]
[WhiteElo "1981"]
[BlackElo "1464"]
[PlyCount "98"]
[EventDate "2019.08.19"]
[EventType "tourn (corr)"]
[EventRounds "4"]
[EventCountry "GER"]
[SourceTitle "Corr 2022"]
[Source "ChessBase"]
[SourceDate "2021.10.24"]
[SourceVersion "1"]
[SourceVersionDate "2021.10.24"]
[SourceQuality "1"]

1. e4 e5 2. Nf3 Nc6 3. Bb5 a6 4. Ba4 Nf6 5. 0-0 d6 6. c3 Be7 7. d4 b5 8. Bc2 0-0 9. h3 Bd7 10. Nbd2 h6 11. Re1 Re8 12. Nf1 Qb8 13. Ng3 Qb7 14. Bd2 Bf8 15. Qb1 Qb6 16. Be3 Qb7 17. a3 a5 18. b3 Reb8 19. Bd2 Qb6 20. Be3 Qb7 21. Rc1 b4 22. d5 Ne7 23. c4 Ng6 24. a4 Re8 25. Rf1 c5 26. Nf5 Nf4 27. Re1 Qc8 28. Qc1 g5 29. Nd2 Bxf5 30. exf5 e4 31. Bxf4 gxf4 32. Rxe4 Nxe4 33. Nxe4 Qxf5 34. Nxd6 Qf6 35. Nxe8 Rxe8 36. Qf1 f3 37. Re1 Rxe1 38. Qxe1 fxg2 39. Qe4 Be7 40. Kxg2 Kg7 41. Qh7+ Kf8 42. Qe4 Bd6 43. Kf1 Qa1+ 44. Kg2 Qb2 45. Qd3 Qg7+ 46. Kf1 Qe5 47. Qf5 Qxf5 48. Bxf5 Ke7 49. Ke2 Kf6 1/2-1/2

[Event "OP-2019-0-04836"]
[Site "LSS email"]
[Date "2019.08.29"]
[Round "?"]
[White "Gazen, Louis"]
[Black "Ederer, Karel"]
[Result "1/2-1/2"]
[WhiteElo "1981"]
[BlackElo "1985"]
[PlyCount "117"]
[EventDate "2019.08.19"]
[EventType "tourn (corr)"]
[EventRounds "4"]
[EventCountry "GER"]
[SourceTitle "Corr 2022"]
[Source "ChessBase"]
[SourceDate "2021.10.24"]
[SourceVersion "1"]
[SourceVersionDate "2021.10.24"]
[SourceQuality "1"]

1. e4 c5 2. Nf3 d6 3. d4 cxd4 4. Nxd4 Nf6 5. Nc3 a6 6. Be3 e5 7. Nb3 Be6 8. f3 Be7 9. Qd2 Nbd7 10. g4 h6 11. h4 b5 12. a4 b4 13. Nd5 Bxd5 14. exd5 e4 15. Bd4 exf3 16. 0-0-0 Nxg4 17. Bxg7 Rg8 18. Bd4 Nde5 19. Qxb4 Kf8 20. Kb1 Qc8 21. Na5 Rb8 22. Qd2 h5 23. Bh3 Qc7 24. Bxg4 hxg4 25. Nc6 Nxc6 26. dxc6 Qxc6 27. Qh6+ Ke8 28. Qh7 Rg6 29. h5 Rc8 30. Rc1 Re6 31. Qg8+ Kd7 32. Qxg4 Qxa4 33. h6 Bg5 34. b3 Qb4 35. Qxg5 Qxd4 36. h7 Rh8 37. Rh4 Qf6 38. Qg3 Re3 39. Rb4 Rxh7 40. Qg4+ Qe6 41. Rb7+ Kc8 42. Qb4 Qd5 43. Ra7 Rh5 44. Rg1 Rh8 45. Rg4 Qb5 46. Rc4+ Kb8 47. Qxd6+ Kxa7 48. Qd4+ Ka8 49. Qxe3 Qb7 50. Kb2 Rc8 51. Rf4 Qc6 52. Qxf3 Qxf3 53. Rxf3 Rc7 54. c4 Rb7 55. Ka3 Rc7 56. Ka4 Kb7 57. Rf1 Kb6 58. Rf6+ Kb7 59. Ka5 1/2-1/2

[Event "OP-2019-0-04836"]
[Site "LSS email"]
[Date "2019.08.29"]
[Round "?"]
[White "Molina, Vicente Andres"]
[Black "Gazen, Louis"]
[Result "0-1"]
[WhiteElo "568"]
[BlackElo "1981"]
[PlyCount "54"]
[EventDate "2019.08.19"]
[EventType "tourn (corr)"]
[EventRounds "4"]
[EventCountry "GER"]
[SourceTitle "Corr 2022"]
[Source "ChessBase"]
[SourceDate "2021.10.24"]
[SourceVersion "1"]
[SourceVersionDate "2021.10.24"]
[SourceQuality "1"]

1. e4 e5 2. Nf3 Nc6 3. Bc4 Bc5 4. 0-0 Nf6 5. Nc3 h6 6. d3 d6 7. Be3 Bxe3 8. fxe3 Nh5 9. d4 Nf6 10. Qe1 0-0 11. Rd1 Qe7 12. Nd5 Nxd5 13. exd5 e4 14. Nd2 Nb8 15. Be2 a6 16. Bg4 Bxg4 17. Rc1 Nd7 18. c4 Nf6 19. h3 Bd7 20. c5 Nxd5 21. cxd6 cxd6 22. Nc4 f5 23. Qa5 Bb5 24. Rfe1 Rac8 25. b3 f4 26. Qd2 f3 27. g4 f2+ 0-1

[Event "RB-2019-0-00372"]
[Site "LSS email"]
[Date "2019.06.19"]
[Round "?"]
[White "Jacewicz, Grzegorz"]
[Black "Gazen, Louis"]
[Result "1/2-1/2"]
[WhiteElo "2056"]
[BlackElo "1974"]
[PlyCount "48"]
[EventDate "2019.01.11"]
[EventType "tourn (corr)"]
[EventRounds "6"]
[EventCountry "GER"]
[SourceTitle "Corr 2022"]
[Source "ChessBase"]
[SourceDate "2021.10.24"]
[SourceVersion "1"]
[SourceVersionDate "2021.10.24"]
[SourceQuality "1"]

1. d4 Nf6 2. c4 e6 3. Nf3 d5 4. Nc3 Be7 5. Bf4 0-0 6. e3 Nbd7 7. c5 c6 8. Bd3 b6 9. b4 a5 10. a3 Ba6 11. 0-0 Qc8 12. h3 Qb7 13. Qe2 Bxd3 14. Qxd3 Ra7 15. Rfb1 Rfa8 16. Qd1 h6 17. Bh2 Ne8 18. cxb6 Qxb6 19. Na4 Qd8 20. Nc5 Nd6 21. Nxd7 Qxd7 22. Ne5 Qe8 23. bxa5 c5 24. dxc5 Ne4 1/2-1/2

[Event "SB-2019-0-00572"]
[Site "LSS email"]
[Date "2019.05.14"]
[Round "?"]
[White "Gazen, Louis"]
[Black "Knoeppel, Bjoern"]
[Result "1-0"]
[WhiteElo "1975"]
[BlackElo "1985"]
[PlyCount "131"]
[EventDate "2019.04.02"]
[EventType "tourn (corr)"]
[EventRounds "6"]
[EventCountry "GER"]
[SourceTitle "Corr 2022"]
[Source "ChessBase"]
[SourceDate "2021.10.24"]
[SourceVersion "1"]
[SourceVersionDate "2021.10.24"]
[SourceQuality "1"]

1. e4 g6 2. d4 Bg7 3. Nf3 d6 4. Be2 Nf6 5. Nc3 0-0 6. 0-0 Nc6 7. d5 Nb8 8. Be3 c6 9. a4 a5 10. Nd2 Nbd7 11. Nc4 cxd5 12. exd5 b6 13. Qd2 Ba6 14. Rfe1 Nc5 15. f3 Rc8 16. Na3 Bxe2 17. Qxe2 Re8 18. Qd2 e6 19. dxe6 Nxe6 20. Qf2 Rc6 21. Rad1 d5 22. Ncb5 Bf8 23. g3 Qd7 24. Qd2 Nc5 25. b3 Ne6 26. Qc1 h5 27. Bf2 Nh7 28. h4 Bxa3 29. Nxa3 Rc3 30. Nc4 Qc7 31. Re3 Rxe3 32. Nxe3 d4 33. Nd5 Qe5 34. c4 Nf6 35. Nf4 Nxf4 36. Qxf4 Qxf4 37. gxf4 Nd7 38. Rxd4 Nc5 39. Rd5 Nxb3 40. Bxb6 Re2 41. Rd3 Nc1 42. Kf1 Rc2 43. Ra3 Ne2 44. Bxa5 Ng3+ 45. Ke1 Rxc4 46. Bb6 Rc1+ 47. Kf2 Nf5 48. a5 Rc2+ 49. Kf1 Rc1+ 50. Ke2 Rc6 51. a6 Rc2+ 52. Kd3 Rc8 53. Bf2 Ra8 54. Kc4 Kf8 55. Kc5 Ke8 56. Kc6 Rc8+ 57. Kb6 Nd6 58. a7 Nc4+ 59. Kb7 Nd6+ 60. Ka6 Kd7 61. Rd3 Ke6 62. f5+ Nxf5 63. Kb7 Rg8 64. Bb6 Ke7 65. Bc7 Nxh4 66. Bb8 1-0

[Event "RB-2019-0-00369"]
[Site "LSS email"]
[Date "2019.02.18"]
[Round "?"]
[White "Gazen, Louis"]
[Black "De Vito, Giovanni"]
[Result "1/2-1/2"]
[WhiteElo "2013"]
[BlackElo "1967"]
[PlyCount "63"]
[EventDate "2018.12.15"]
[EventType "tourn (corr)"]
[EventRounds "6"]
[EventCountry "GER"]
[SourceTitle "Corr 2022"]
[Source "ChessBase"]
[SourceDate "2021.10.24"]
[SourceVersion "1"]
[SourceVersionDate "2021.10.24"]
[SourceQuality "1"]

1. e4 e5 2. Nf3 Nf6 3. Nxe5 d6 4. Nf3 Nxe4 5. d4 d5 6. Bd3 Be7 7. 0-0 Nc6 8. Nbd2 Nxd2 9. Bxd2 Bg4 10. c3 0-0 11. h3 Bh5 12. g3 Qd7 13. Kg2 Bg6 14. Bxg6 hxg6 15. Re1 Rae8 16. Qa4 Ne5 17. Qxd7 Nxd7 18. Ne5 Nf6 19. Bf4 Bd6 20. h4 Bxe5 21. Bxe5 c6 22. Bf4 Rxe1 23. Rxe1 Re8 24. Rxe8+ Nxe8 25. Kf3 b5 26. Bb8 a5 27. Ke3 Kf8 28. Ba7 Ke7 29. Bc5+ Ke6 30. Kf4 a4 31. Ba3 f6 32. Bb4 1/2-1/2